000 00500nam a2200229Ia 4500
003 IT-RoPAU
008 120407s9999 xx 000 0 und d
040 _aIT-RoPAU
040 _cIT-RoPAU
041 _aita
100 _aAntonio Viscardi
245 _aLe origini della tradizione letteraria italiana.
250 _aRoma
260 _aStudium
260 _c1959
300 _a124 p.
300 _c17 cm
490 _aUniversale Studium
490 _v164
942 _cBK
999 _c24879
_d24879